USING CORPORATE INTELLIGENCE FOR DESIGNING AND REALIZATION OF COMPANY'S STRATEGY

Bibliographic Details
Main Authors: Kwieciński, Mirosław (Author), Stolarz, Barbara (Author)
Format: Article
Language:English
ISBN:8085668483

MARC

LEADER 00000naa a2200000uu 4500
001 vtls011096326
003 SK-MaSNL
005 20260302100708.0
008 210824|1997 xo |||||||||||||||||eng|
015 |a SNBRA 
035 |a (urnnbn)urn:nbn:sk:snk:ar-a0cumb 
035 |a (uuid)e5995aa8-be34-46cd-a143-420168ca8c54 
035 |a urn:nbn:sk:snk-aaw07x 
040 |a SNKBUCL  |b slo  |c SNKBUCL  |e AACR2 
041 0 |a eng 
044 |a xo  |c SK 
100 1 |a Kwieciński, Mirosław  |4 aut  |9 771861 
245 1 0 |a USING CORPORATE INTELLIGENCE FOR DESIGNING AND REALIZATION OF COMPANY'S STRATEGY  |c MIROSŁAW KWIECIŃSKI, BARBARA STOLARZ 
700 1 |a Stolarz, Barbara  |4 aut  |9 771862 
773 0 |t Ekonomika podnikov a regiónov - 1997 : (zborník z medzinárodnej konferencie), Bardejovské Kúpele, 7.-9.5. 1997. 1. diel  |d Prešov : ManaCon, 1997  |g S. 82-86  |z 8085668483 
958 |a OND 
958 |a article12 
958 |a chapter 
999 |c 1220821  |d 1222751